00779nam a2200181Ia 450000500170000000800410001702000140005804000720007204100080014424500780015226000540023030000440028465000400032865000680036870000260043670000560046285600790051820240729152739.0130821s2004 enkab gr eng  a470844094 aCo-BoUCMbspacDavid Moreno (modificó)dDavid Moreno (modificó)00aeng00aApplied GIS and spatial analysisceditores, John Stillwell, Graham Clarke aChichester (West Sussex, Inglaterra)bWileyc2004 axi, 406 Páginasbilustraciones, mapas04aGeografíaxProcesamiento de datos04aSistemas de Información Geográfica (SIG).xHerramientas SIG1 aClarke, Grahamd1960-1 aStillwell, John C. H.q(John Charles Harold)d1952-42zTabla de Contenidouhttp://www.loc.gov/catdir/toc/wiley041/2003049478.html